00000000nam 2200000zi 4500
0019.562582
003CaOODSP
00520230308154735
007cr |||||||||||
008150406s1991    xxc|||||o    f|0| 0 eng d
022 |a1488-5387
040 |aCaOODSP|beng
043 |an-cn---
0861 |aFs97-4/2120E-PDF
1001 |aKristofferson, A. H., |eauthor.
24510|aCommercial fishing potential for searun Arctic charr, Koukdjuak River and Nettilling Lake, Northwest Territories / |cby A.H. Kristofferson, R.D. Sopuck and D.K. McGowan.
264 1|aOttawa, Ontario : |bFisheries and Oceans Canada, |c1991.
300 |a1 online resource (48 pages) : |bgraphs, maps, references, tables.
336 |atext|btxt|2rdacontent
337 |acomputer|bc|2rdamedia
338 |aonline resource|bcr|2rdacarrier
4901 |aCanadian manuscript report of fisheries and aquatic sciences, |x1488-5387 ; |vNo. 2120
500 |aOn t. p.: Central and Arctic Region, Winnipeg, Manitoba, R3T 2N6. Catalogue number of the print edition copied in the PDF version.
546 |a(Résumé en français.)
590 |a09-04-Supp|b2009-05-06
69007|aFish farming|2gcpds
69007|aFisheries|2gcpds
7101 |aCanada. |bDepartment of Fisheries and Oceans, |eissuing body.
830#0|aCanadian manuscript report of fisheries and aquatic sciences,|x1488-5387|vNo. 2120|w(CaOODSP)9.505211
85640|ahttp://publications.gc.ca|qPDF|s1976 KB|uhttps://publications.gc.ca/collections/collection_2007/dfo-mpo/Fs97-4-2120E.pdf|yNo. 2120